000 00582nam a22002177a 4500
003 BD-DhJNU
005 20250202073224.0
008 250202b |||||||| |||| 00| 0 eng d
020 _a9781292096131
020 _a1292096136
040 _aBD-DhJNU
_bENG
_cBD-DhJNU
_dBD-DhJNU
082 _223
_a005.1
100 _aSommerville, Ian
245 _aSoftware engineering /
_cIan Sommerville
250 _a10th ed.
260 _aBoston :
_bPearson,
_c2016.
300 _a810 p. :
_bill. ;
_c24 cm.
504 _aincludes index
650 _aSoftware engineering
942 _2ddc
_cBK
_n0
999 _c1223
_d1223